Revolutions and world politics : (Record no. 14022)

000 -LEADER
fixed length control field 01154nam a2200241 a 4500
001 - CONTROL NUMBER
control field ASIN0333653297
005 - DATE AND TIME OF LATEST TRANSACTION
control field 20170105102845.0
008 - FIXED-LENGTH DATA ELEMENTS--GENERAL INFORMATION
fixed length control field 130805s1999 xxu eng d
020 ## - INTERNATIONAL STANDARD BOOK NUMBER
International Standard Book Number 0333653297 (paperback)
020 ## - INTERNATIONAL STANDARD BOOK NUMBER
International Standard Book Number 9780333653296 (paperback)
040 ## - CATALOGING SOURCE
Original cataloging agency 0
050 04 - LIBRARY OF CONGRESS CALL NUMBER
Classification number JC491
082 04 - DEWEY DECIMAL CLASSIFICATION NUMBER
Classification number 321.09409
100 1# - MAIN ENTRY--PERSONAL NAME
Personal name Halliday, Fred.
245 10 - TITLE STATEMENT
Title Revolutions and world politics :
Remainder of title the rise and fall of the sixth great power /
Statement of responsibility, etc. Fred Halliday.
260 ## - PUBLICATION, DISTRIBUTION, ETC.
Place of publication, distribution, etc. [S.l.] :
Name of publisher, distributor, etc. Palgrave Macmillan,
Date of publication, distribution, etc. 1999.
300 ## - PHYSICAL DESCRIPTION
Extent 424 p. ;
Dimensions 22 cm.
520 ## - SUMMARY, ETC.
Summary, etc. The relation of revolutions to international relations is central to modern history. Revolutions have, as much as war or nationalism, shaped the development of world politics. Equally, revolutions have been, in cause, ideology and consequence, international events. By putting the international politics of revolution centre stage, Fred Halliday's book contributes to the understanding of both revolution and world politics.
650 #0 - SUBJECT ADDED ENTRY--TOPICAL TERM
Topical term or geographic name entry element Revolutions
650 #0 - SUBJECT ADDED ENTRY--TOPICAL TERM
Topical term or geographic name entry element World politics
856 40 - ELECTRONIC LOCATION AND ACCESS
Materials specified Amazon.com
Uniform Resource Identifier <a href="http://www.amazon.com/exec/obidos/ASIN/0333653297/chopaconline-20">http://www.amazon.com/exec/obidos/ASIN/0333653297/chopaconline-20</a>
942 ## - ADDED ENTRY ELEMENTS (KOHA)
Source of classification or shelving scheme
Koha item type Book
Holdings
Withdrawn status Lost status Damaged status Not for loan Collection code Permanent Location Current Location Shelving location Date acquired Total Checkouts Full call number Barcode Date last seen Price effective from Koha item type
          Centre for International Peace & Stability (CIPS) Centre for International Peace & Stability (CIPS) General Stacks 08/05/2013   321.09409 HAL 1999 CIPS0000543 08/06/2013 01/05/2017 Book
© 2023 Central Library, National University of Sciences and Technology. All Rights Reserved.